Record Details

There's An Alien In Your Book

Tom Fletcher (Author).

Record details

  • ISBN: 9780241357200
  • Physical Description: Hardcover
  • Publisher: London: Puffin, 2019
Subject: Extraterrestrial beings -- Children's picture  books

Available copies

  • 20 of 20 copies available at Headquarters.
Location Call Number / Copy Notes Barcode Shelving Location Status Due Date
Accra Central Library 201 jFIC/FLE 000001648300 Childrens' Fiction - EXT Available -
Accra Central Library 201 jFIC/FLE 000001648379 Childrens' Fiction - CHN Available -
Accra Central Library 201 jFIC/FLE 000001648393 Childrens' Fiction - CHN Available -
Accra Central Library 201 jFIC/FLE 000002156699 Childrens' Fiction - EXT Available -
Accra Central Library 201 jFIC/FLE 000002156705 Childrens' Fiction - EXT Available -
Accra Central Library 201 jFIC/FLE 000002156712 Childrens' Fiction - EXT Available -
Accra Central Library 201 jFIC/FLE 000002156729 Childrens' Fiction - EXT Available -
Dodowa Library 201 jFIC/FLE 000001648324 Childrens' Fiction Available -
Osu Library 201 jFIC/FLE 000001648331 Childrens' Fiction Available -
Teshie Library 201 jFIC/FLE 000001648294 Childrens' Fiction Available -

No reviews or recommendations are currently available.

Loading shelf browser…

LDR 00620cam a2200205Ka 4500
00180760
003HQ
00520210531132357.0
008070101s xxkc jr 1 eng d
020 . ‡a9780241357200
037 . ‡aBook Aid
082 . ‡ajFIC/FLE
100 . ‡aTom Fletcher
245 . ‡aThere's An Alien In Your Book
260 . ‡aLondon: ‡b Puffin, ‡c2019
300 . ‡aHardcover
650 . ‡aExtraterrestrial beings -- Children's picture  books
901 . ‡a80760 ‡bAUTOGEN ‡c80760 ‡tbiblio

Session Timeout

Your session will expire in minutes and seconds.

If you need more time, please click "Continue Session."

Session Ended

Your session has ended. Redirecting to the home page...